|
|
|
|
| LEADER |
00000nab a2200000 a 4500 |
| 001 |
vtls000425113 |
| 003 |
SK-MaSNL |
| 005 |
20260304235952.0 |
| 008 |
120925c1991 xo 0 slo |
| 015 |
|
|
|a SNBRB19rr/mm-uuuuu
|
| 035 |
|
|
|a CL0425241
|
| 040 |
|
|
|a SNKBUCL
|b slo
|c SNKBUCL
|e AACR2
|
| 041 |
0 |
|
|a slo
|
| 044 |
|
|
|a xo
|c SK
|
| 080 |
|
|
|a 621.039.58(437):621.311
|2 1981
|
| 080 |
|
|
|a 621.311
|2 1981
|
| 080 |
|
|
|a 620.9(436)
|2 1981
|
| 100 |
1 |
|
|a Drastich, Miloš,
|d 1951-2017
|4 aut
|9 234069
|
| 245 |
1 |
0 |
|a Zatrúbili na ústup?
|b Rakúske názory na našu jadrovú energetiku
|c Miloš Drastich
|
| 300 |
|
|
|b Fot. 1.
|
| 650 |
0 |
7 |
|a jadrová energetika
|2 snkbucl
|9 59350
|
| 650 |
0 |
7 |
|a jadrové elektrárne
|2 snkbucl
|9 15295
|
| 651 |
|
7 |
|a Rakúsko
|2 snkbucl
|9 18533
|
| 655 |
|
7 |
|a články z novín a časopisov
|2 snkbucl
|9 267496
|
| 773 |
0 |
|
|t Technické noviny
|g Roč. 39, č. 10 (1991), s. /1/ a 3
|
| 850 |
|
|
|a Slovenská národná knižnica v Martine
|a MTA001
|
| 852 |
|
|
|a SNK
|b KIS3GCP
|
| 958 |
|
|
|a RK
|
| 992 |
|
|
|a RBX
|
| 999 |
|
|
|c 3211540
|d 3213470
|